[Event "12th ch-Asia w"]
[Site "Tehran IRI"]
[Date "2007.09.11"]
[Round "9"]
[White "Ruan Lufei"]
[Black "Pourkashiyan,A"]
[Result "1-0"]
[WhiteElo "2433"]
[BlackElo "2322"]

1.e4 c5 2.Nf3 e6 3.d4 cxd4 4.Nxd4 a6 5.Nc3 Qc7 6.Be2 b5 7.O-O Bb7 8.Re1 Nc6
9.Nxc6 dxc6 10.e5 Ne7 11.Bd3 Ng6 12.Qh5 b4 13.Ne4 Qxe5 14.Bg5 Qxb2 15.Rad1 c5
16.Nd2 Qd4 17.Nb3 Qd5 18.Be4 Qxe4 19.Rxe4 Bxe4 20.Qe2 Bc6 21.Na5 Be7 22.Bxe7 Nxe7
23.Qc4 Rc8 24.Qxa6 O-O 25.Nxc6 Nxc6 26.f3 Nd4 27.Qc4 Rfd8 28.Kf2 g6 29.c3 bxc3
30.Qxc3 Rd5 31.a4 Ra8 32.Ra1 Nc6 33.a5 Nb4 34.h4 h5 35.Kg3 g5 36.hxg5 Rxg5+
37.Kh3 Kh7 38.Qf6 Rf5 39.Qh4 Kh6 40.Qc4 Na6 41.Qb5 Nb4 42.a6 Rxa6 43.Rxa6 Nxa6
44.Qxa6 Kg6 45.Kg3 Rg5+ 46.Kf2 Rd5 47.Qc8 Kg7 48.Qc7 Rd2+ 49.Kg3 Rd5 50.Kf4 Rf5+
51.Ke4 Rg5 52.Qh2 Kg6 53.g3 Rd5 54.Qb2 Rd4+ 55.Ke3 Rd5 56.Qh8 Rf5 57.Ke2 Rd5
58.f4 Rf5 59.Kd3 Rd5+ 60.Kc4 Rf5 61.Kb5 Rd5 62.Kb6 c4 63.Kc6 c3 64.Qxc3 Kh7
65.Qf6 Kg8 66.Qh6 Rd3 67.Qxh5 Rxg3 68.Kd7 Rg7 69.Ke7 Rg6 70.Qb5 Rg7 71.Qe8+ Kh7
72.Qxf7 Rxf7+ 73.Kxf7 Kh6 74.Kxe6 Kg7 75.f5 Kg8 76.Ke7  1-0

[Event "3rd Geller mem Open A"]
[Site "Odessa UKR"]
[Date "2007.09.14"]
[Round "7"]
[White "Paramonov,D"]
[Black "Brodsky,M"]
[Result "0-1"]
[WhiteElo "2358"]
[BlackElo "2595"]

1.e4 c5 2.Nf3 e6 3.d4 cxd4 4.Nxd4 a6 5.Nc3 d6 6.Be3 b5 7.a4 b4 8.Na2 Nf6
9.Nxb4 Nxe4 10.c3 Bb7 11.Be2 Nd7 12.O-O Qc7 13.Nd3 d5 14.f3 Nef6 15.f4 Bd6
16.Qe1 O-O 17.Qh4 Rfe8 18.Rf3 Nf8 19.Raf1 Ng6 20.Qe1 Bc8 21.Kh1 Bd7 22.Bg1 Bxa4
23.f5 Nf8 24.fxe6 fxe6 25.Re3 Bd7 26.Bd1 e5 27.Nf5 Bxf5 28.Rxf5 e4 29.Bb3 Qb7
30.Nc1 Kh8 31.Re2 Be5 32.Ba4 Re7 33.Bc5 Re6 34.Nb3 N8d7 35.Bg1 Rc8 36.Nd4 Re7
37.Qh4 Nc5 38.Bc2 Qd7 39.Rf1 Ree8 40.Ra1 Qb7 41.b4 Ne6 42.Ba4 Bxd4 43.Bxe8 Bxg1
44.Bg6 Bb6 45.Rf1 Nf8 46.Bf5 Rxc3 47.Ree1 Qe7 48.g4 Bd8 49.g5 Ng8 50.Rg1 Bc7
51.Rg2 Rf3 52.Qg4 Qf7 53.Bc8 Rf1+ 54.Rxf1 Qxf1+ 55.Rg1 Qc4 56.Qf5 Bd6 57.Bb7 Qe2
58.Rg2 Qd1+ 59.Rg1 Qh5 60.Rg2 Ng6 61.Qxd5 Bxb4 62.Qxe4 a5 63.Bd5 N6e7 64.Bc4 Qg6
65.Qa8 Qc6 66.Qxc6 Nxc6 67.Rc2 Nge7 68.Rf2 Ng6 69.Bb5 Nce5 70.Rf5 Bd6 71.Be8 Nf8
72.Rf1 h6 73.gxh6 g6 74.Rd1 Bb4 75.Rd5 Nc4 76.Rd3 Kh7 77.Rh3 Nd6 78.Ba4 Nf5
79.Bc2 Nxh6 80.Kg2 Kg7 81.Rg3 Kf6 82.h4 Nf5 83.Rh3 Ne6 84.Kf2 Bc5+ 85.Ke1 Nf4
86.Rh2 Ne3 87.Ba4 Bb4+ 88.Kf2 Ng4+  0-1

[Event "LNA Copa Puma"]
[Site "Argentina ARG"]
[Date "2007.09.15"]
[Round "6"]
[White "Zuriel,M"]
[Black "Giardelli,S"]
[Result "0-1"]
[WhiteElo "2184"]
[BlackElo "2378"]

1.e4 c5 2.Nf3 e6 3.d4 cxd4 4.Nxd4 a6 5.Nc3 Qc7 6.Bd3 Nf6 7.O-O Be7 8.Qe2 d6
9.Kh1 Nc6 10.Nxc6 bxc6 11.f4 Nd7 12.Na4 O-O 13.c4 c5 14.b3 Bb7 15.Bb2 Rfe8
16.e5 f5 17.exf6 Bxf6 18.Qc2 h6 19.Rae1 Re7 20.Nc3 Rf8 21.f5 exf5 22.Rxe7 Bxe7
23.Bxf5 Kh8 24.Qe2 Bf6 25.Qh5 Ne5 26.Be4 Bxe4 27.Nxe4 Qe7 28.Ng3 Nd3 29.Bxf6 Rxf6
30.Rxf6 Qxf6 31.Qe8+ Kh7 32.Qe4+ Qg6 33.Qxg6+ Kxg6 34.Ne4 Kf5 35.Nxd6+ Ke5
36.Ne8 Nc1 37.Nc7 a5 38.Kg1 Nxa2 39.Na6 Kd6 40.Kf2 Nc1 41.Ke3 Nxb3 42.Kd3 Nd4
43.Kc3 Nc6 44.Kb3 Nb4  0-1

[Event "17th ch-EU U16 Boys"]
[Site "Sibenik CRO"]
[Date "2007.09.15"]
[Round "2"]
[White "Baturina,A"]
[Black "Kosov,Iv"]
[Result "0-1"]
[WhiteElo "1980"]
[BlackElo "2379"]

1.e4 c5 2.Nf3 e6 3.d4 cxd4 4.Nxd4 a6 5.Nc3 Qc7 6.Bd3 b5 7.O-O Bb7 8.Re1 Nc6
9.Be3 Nf6 10.a3 Be7 11.Nb3 Ne5 12.h3 d6 13.f4 Nc4 14.Bc1 O-O 15.g4 Qb6+ 16.Kf1 Rac8
17.Qe2 Nd7 18.a4 Bh4 19.Rd1 d5 20.a5 Qa7 21.Bxc4 bxc4 22.Be3 Qb8 23.Nd2 d4
24.Bxd4 Qxf4+ 25.Qf3 Qc7 26.Kg1 f5 27.Qg2 e5 28.Be3 f4 29.Bf2 Bxf2+ 30.Qxf2 Nf6
31.Ra4 Rfd8 32.Rxc4 Qxa5 33.Nb3 Rxd1+ 34.Nxd1 Qd8 35.Rxc8 Qxc8 36.Nc3 Nxe4
37.Nxe4 Bxe4 38.Nc5 Ba8 39.Nd3 Qc6 40.Kf1 Qh1+ 41.Ke2 f3+ 42.Kd2 Qxh3 43.Qa7 Qh6+
44.Ke1 f2+ 45.Kxf2 Qd2+ 46.Kf1 Qd1+ 47.Ne1 Be4 48.Qb8+ Kf7 49.Qxe5 Qxg4 50.Qc7+ Kf6
51.Qb6+ Qe6 52.Qd4+ Kf7 53.Qa7+ Kg6 54.Qg1+ Kf6 55.Qd4+ Qe5 56.Qb6+ Kg5 57.Qxa6 Qxb2
58.Qa5+ Kg6 59.Qc5 Qf6+ 60.Ke2 Qe6 61.Qg1+ Kf6 62.Qf2+ Qf5 63.Qd4+ Qe5 64.Qd8+ Kg6
65.Qb6+ Kh5 66.Qe3 g5 67.Ng2 Qb5+ 68.Kf2 Qf5+ 69.Kg1 Bxg2 70.Qe8+ Kh6 71.Kxg2 Qxc2+
72.Kg3 Qd3+ 73.Kg4 Qd4+  0-1

[Event "TCh-FIN 2007-8"]
[Site "Finland FIN"]
[Date "2007.09.16"]
[Round "2"]
[White "Luukkonen,T"]
[Black "Miezis,N"]
[Result "0-1"]
[WhiteElo "2238"]
[BlackElo "2509"]

1.e4 c5 2.Nf3 e6 3.d4 cxd4 4.Nxd4 a6 5.Nc3 Qc7 6.g3 Bb4 7.Bd2 Nc6 8.Nb3 Nf6
9.Bg2 Be7 10.f4 d6 11.g4 h6 12.h4 b5 13.g5 Nd7 14.g6 fxg6 15.f5 Nde5 16.fxe6 Qd8
17.O-O Bxe6 18.Nd5 Bg4 19.Qe1 Bxh4 20.Qe3 Bg5 21.Qf2 Bxd2 22.Qxd2 Rf8 23.Rf4 Rxf4
24.Qxf4 Ra7 25.a4 Rf7 26.Qg3 Kf8 27.axb5 axb5 28.c3 Kg8 29.Nd4 Ne7 30.Ra6 Qd7
31.Rb6 Kh7 32.Ne3 Be6 33.Kh2 Bc4 34.Rb8 N7c6 35.Bh3 Qe7 36.Nxc6 Nxc6 37.Rc8 Ne5
38.Nd5 Bxd5 39.exd5 Nf3+ 40.Kh1 Qe4  0-1

[Event "TCh-FIN 2007-8"]
[Site "Finland FIN"]
[Date "2007.09.16"]
[Round "2"]
[White "Virtanen,A"]
[Black "Nevanlinna,R"]
[Result "1-0"]
[WhiteElo "2331"]
[BlackElo "2324"]

1.e4 c5 2.Nf3 e6 3.d4 cxd4 4.Nxd4 a6 5.Nc3 d6 6.Be3 Qc7 7.Bd3 Nf6 8.f4 Nbd7
9.g4 h6 10.Qf3 b5 11.a3 Bb7 12.Rf1 O-O-O 13.h4 h5 14.g5 Ng4 15.Bg1 Nc5 16.Rc1 Kb8
17.b4 Nd7 18.Nce2 d5 19.e5 g6 20.Nb3 Nb6 21.Nc5 Bxc5 22.Bxc5 Nc4 23.Qg3 Ka8
24.Ra1 Nb2 25.Bd4 Na4 26.Nc1 Rc8 27.Nb3 Nc3 28.Nc5 Ne4 29.Qg1 Nxc5 30.Bxc5 Qc6
31.Qd4 Qd7 32.Ke2 Bc6 33.a4 Kb7 34.axb5 Bxb5 35.Ra5 Ra8 36.Rfa1 Qc6 37.Bxb5 axb5
38.Ra7+ Rxa7 39.Rxa7+ Kc8 40.Qa1 Rd8 41.Ra8+  1-0

[Event "3rd Geller mem Open A"]
[Site "Odessa UKR"]
[Date "2007.09.16"]
[Round "9"]
[White "Vasilyev,M"]
[Black "Aganesova,E"]
[Result "1/2-1/2"]
[WhiteElo "2329"]
[BlackElo "1972"]

1.e4 c5 2.Nf3 e6 3.d4 cxd4 4.Nxd4 a6 5.Nc3 b5 6.a3 Qc7 7.Bd3 Bb7 8.O-O d6
9.Qe2 Nf6 10.Kh1 Nbd7 11.f4 Be7 12.Bd2 O-O 13.Rae1 Nc5 14.e5 Nfd7 15.Nf3 Nxd3
16.cxd3 Rfd8 17.d4 Nb6 18.Ne4 dxe5 19.fxe5 Qc2 20.Ba5 Qxe2 21.Rxe2 Bxe4 22.Rxe4 Rdb8
23.Bxb6  1/2-1/2

[Event "17th ch-EU U16 Boys"]
[Site "Sibenik CRO"]
[Date "2007.09.16"]
[Round "3"]
[White "Veszpremi,A"]
[Black "Nitelea,B"]
[Result "0-1"]
[WhiteElo "2150"]
[BlackElo "2012"]

1.e4 c5 2.Nf3 e6 3.d4 cxd4 4.Nxd4 a6 5.Nc3 b5 6.Bd3 Qb6 7.Nb3 Qc7 8.O-O Nf6
9.Be3 Bb7 10.a3 h5 11.f3 Bd6 12.h3 Bh2+ 13.Kh1 h4 14.f4 Bg3 15.Nd4 Nh5 16.Be2 g6
17.Bxh5 Rxh5 18.f5 Nc6 19.fxg6 fxg6 20.Qg4 Ne5 21.Qe2 O-O-O 22.Rad1 Qc4 23.Qd2 Qc7
24.b3 Nc6 25.Bg5 Rxg5 26.Qxg5 Nxd4 27.Rxd4 Qxc3 28.Rd3 Qe5 29.Qxe5 Bxe5 30.Re3 g5
31.c3 Bf4 32.Ree1 d5 33.exd5 Bxd5 34.Rb1 Be4 35.Rb2 Rd3 36.Re1 Bf5 37.c4 bxc4
38.bxc4 Rxa3 39.Rb6 Kc7 40.c5 Ra2 41.Rb3 Kc6 42.Kg1 a5 43.Rf3 a4 44.Rff1 Kxc5
45.g4 hxg3 46.h4 Bh3 47.Rf3 Rg2+ 48.Kh1 Rh2+ 49.Kg1 g2 50.Kf2 Rh1 51.Rg1 Be5
52.Rd3 Bd4+ 53.Rxd4 Kxd4 54.hxg5 Rxg1 55.Kxg1 Ke5  0-1

[Event "17th ch-EU U16 Girls"]
[Site "Sibenik CRO"]
[Date "2007.09.17"]
[Round "4"]
[White "Homiakova,El"]
[Black "Vince,V"]
[Result "1-0"]
[WhiteElo "2012"]
[BlackElo "1839"]

1.e4 c5 2.Nf3 e6 3.Nc3 a6 4.d4 cxd4 5.Nxd4 Qc7 6.Bd3 Nf6 7.f4 d6 8.O-O Be7
9.Kh1 b5 10.e5 dxe5 11.fxe5 Qxe5 12.Bf4 Qc5 13.Qf3 Qa7 14.Bxb8 Qxb8 15.Be4 Nxe4
16.Qxf7+ Kd7 17.Qxe6+ Ke8 18.Qc6+ Kd8 19.Nxe4 Ra7 20.Rad1 Rd7 21.Ne6+ Ke8
22.Nxg7+ Kd8 23.Rxd7+ Bxd7 24.Rd1 Qc8 25.Qb6+ Qc7 26.Ne6+  1-0

[Event "17th ch-EU U16 Girls"]
[Site "Sibenik CRO"]
[Date "2007.09.18"]
[Round "5"]
[White "Hortensius,L"]
[Black "Tsirulnik,Mari"]
[Result "0-1"]
[WhiteElo "1908"]
[BlackElo "2095"]

1.e4 c5 2.Nf3 e6 3.d4 cxd4 4.Nxd4 a6 5.Nc3 b5 6.Bd3 Bb7 7.O-O Qc7 8.Nb3 Nf6
9.Qe1 d6 10.a3 Be7 11.f4 Nbd7 12.Bd2 h5 13.Qe2 Ng4 14.Nd1 Nc5 15.Nxc5 Qxc5+
16.Kh1 Bf6 17.c4 bxc4 18.Bxc4 Bd4 19.Rc1 Qb6 20.Bc3 O-O 21.h3 Nf6 22.Bd3 e5
23.fxe5 dxe5 24.Bd2 Rac8 25.Rxc8 Rxc8 26.Bg5 Rc6 27.b4 Rd6 28.Ne3 Bxe3 29.Bxe3 Qd8
30.Bc2 Nxe4 31.Bxe4 Bxe4 32.Qxh5 f6 33.Bc5 Rd3 34.a4 Qd7 35.Kh2 Rd2 36.Rg1 Qxa4
37.Qg4 Qc6 38.Bd6 f5 39.Qg5 Rc2 40.Qd8+ Kf7 41.Bc5 Qf6 42.Qd7+ Kg8 43.Qe8+ Kh7
44.Qh5+ Qh6 45.Qxh6+ Kxh6 46.Bd6 Rb2 47.Bxe5 Rxb4 48.g4 Rb5 49.Bf4+ g5 50.Bc1 f4
51.Re1 Rb4 52.h4 Rc4 53.Bd2 Ra4 54.Kg1 Kg6 55.Bc1 gxh4 56.Bxf4 Bf3 57.Be3 Bxg4
58.Bf2 Bf5 59.Rd1 h3 60.Rd6+ Kh5  0-1

[Event "17th ch-EU U16 Boys"]
[Site "Sibenik CRO"]
[Date "2007.09.18"]
[Round "5"]
[White "Baron,Ta"]
[Black "Nitelea,B"]
[Result "1-0"]
[WhiteElo "2232"]
[BlackElo "2012"]

1.e4 c5 2.Nf3 e6 3.d4 cxd4 4.Nxd4 a6 5.Nc3 b5 6.Bd3 Qb6 7.Nf3 d6 8.O-O Nf6
9.Qe2 Nbd7 10.a4 b4 11.Nb1 Bb7 12.Nbd2 Qc7 13.Nc4 Be7 14.Bf4 Nh5 15.Bd2 d5
16.exd5 Bxd5 17.Nfe5 Bxc4 18.Nxc4 Nf4 19.Qe4 Nd5 20.Ne3 N7f6 21.Nxd5 Nxd5
22.c4 bxc3 23.Bxc3 Bf6 24.Bxf6 gxf6 25.Rac1 Qf4 26.Qxf4 Nxf4 27.Bxa6 Ke7
28.Bb5 f5 29.Rfd1 Rhb8 30.g3 Rxb5 31.Rc7+ Kf6 32.axb5 Nd5 33.Rb7 Ra4 34.f4 Rb4
35.Ra1 Rxb2 36.Raa7 Rb1+ 37.Kg2 Kg6 38.Rxf7 Rxb5 39.Rg7+ Kh6 40.Rxh7+ Kg6
41.h4 e5 42.h5+  1-0

[Event "17th Senior WCh"]
[Site "Gmunden AUT"]
[Date "2007.09.20"]
[Round "4"]
[White "Van Geffen,B"]
[Black "Loktiev,I"]
[Result "1/2-1/2"]
[WhiteElo "2140"]
[BlackElo "2350"]

1.e4 c5 2.Nf3 e6 3.d4 cxd4 4.Nxd4 a6 5.Nc3 b5 6.Bd3 Bc5 7.Nb3 Be7 8.O-O Nc6
9.Qe2 d6 10.f4 Nf6 11.a3 Qc7 12.Be3 O-O 13.g4 Nd7 14.g5 Re8 15.Rf3 b4 16.Nd1 bxa3
17.bxa3 Nf8 18.Nf2 d5 19.e5 a5 20.Rh3 g6 21.Ng4 a4 22.Nd4  1/2-1/2

[Event "17th ch-EU U16 Boys"]
[Site "Sibenik CRO"]
[Date "2007.09.20"]
[Round "7"]
[White "Weber,C"]
[Black "Hohluks,A"]
[Result "1-0"]
[WhiteElo "2131"]
[BlackElo "2056"]

1.e4 c5 2.Nf3 e6 3.d4 cxd4 4.Nxd4 a6 5.Nc3 Qc7 6.Bd3 Nf6 7.O-O b5 8.Qe2 Bb7
9.e5 b4 10.Ncb5 axb5 11.exf6 gxf6 12.Nxb5 Qc6 13.f3 Bc5+ 14.Kh1 O-O 15.Bh6 Rc8
16.Qe1 Bf8 17.Qh4 Bxh6 18.Qxh6 f5 19.g4 e5 20.Nd6 Ra6 21.Bxf5  1-0

[Event "17th ch-EU U16 Girls"]
[Site "Sibenik CRO"]
[Date "2007.09.21"]
[Round "8"]
[White "Mijatovic,And"]
[Black "Starcevic,A"]
[Result "1-0"]
[WhiteElo "1844"]
[BlackElo "1594"]

1.e4 c5 2.Nf3 e6 3.d4 cxd4 4.Nxd4 a6 5.Nc3 Qc7 6.Bd3 Nc6 7.Be3 Nf6 8.O-O Be7
9.Kh1 O-O 10.Qe2 d6 11.f4 Bd7 12.Rae1 Nxd4 13.Bxd4 e5 14.Be3 Bc6 15.Qf3 Rfd8
16.Qg3 Ne8 17.Rf2 Bf8 18.Ref1 Rd7 19.Qh3 exf4 20.e5 g6 21.e6 fxe6 22.Qxe6+ Kh8
23.Rxf4 Bg7 24.Rf8+ Bxf8 25.Rxf8+ Kg7 26.Qg8+  1-0

[Event "17th ch-EU U16 Boys"]
[Site "Sibenik CRO"]
[Date "2007.09.21"]
[Round "8"]
[White "Blum,N"]
[Black "Nitelea,B"]
[Result "1-0"]
[WhiteElo "2166"]
[BlackElo "2012"]

1.e4 c5 2.Nf3 e6 3.d4 cxd4 4.Nxd4 a6 5.Nc3 b5 6.Bd3 Qb6 7.Be3 Bc5 8.Be2 Nc6
9.Nxc6 dxc6 10.Bxc5 Qxc5 11.Qd3 Nf6 12.f4 e5 13.f5 a5 14.O-O-O O-O 15.g4 a4
16.g5 Nd7 17.f6 b4 18.fxg7 Rd8 19.Bh5 bxc3 20.Qf3 cxb2+ 21.Kb1 Qe7 22.Rd6 Ra7
23.Rf1 Ba6 24.Rh6 Kxg7 25.Qxf7+ Qxf7 26.Rxf7+ Kg8 27.Rfxh7 Nf6 28.Rh8+  1-0

[Event "17th ch-EU U16 Boys"]
[Site "Sibenik CRO"]
[Date "2007.09.21"]
[Round "8"]
[White "Weber,C"]
[Black "Kosov,Iv"]
[Result "1/2-1/2"]
[WhiteElo "2131"]
[BlackElo "2379"]

1.e4 c5 2.Nf3 e6 3.d4 cxd4 4.Nxd4 a6 5.Nc3 Qc7 6.Bd3 b5 7.O-O Bb7 8.Re1 Nc6
9.Nxc6 Qxc6 10.a4 b4 11.Nd5 Nf6 12.Bd2 Bc5 13.a5 Nxd5 14.exd5 Qd6 15.dxe6 dxe6
16.Qg4 h5 17.Qh4 Rd8 18.Bg5 Rd7 19.Rad1  1/2-1/2

[Event "17th Senior WCh"]
[Site "Gmunden AUT"]
[Date "2007.09.23"]
[Round "6"]
[White "Malmdin,N"]
[Black "Karasev,Vl"]
[Result "1-0"]
[WhiteElo "2259"]
[BlackElo "2388"]

1.e4 c5 2.Nf3 e6 3.d4 cxd4 4.Nxd4 a6 5.Nc3 Qc7 6.Bd3 Bd6 7.Qg4 Be5 8.Nde2 Nf6
9.Qh4 d5 10.f4 Bxc3+ 11.Nxc3 dxe4 12.Nxe4 Nxe4 13.Bxe4 Nd7 14.Bd2 Nc5 15.Bf3 O-O
16.O-O Bd7 17.Qf2 Rac8 18.Be3 b6 19.Rfc1 Bc6 20.b4 Na4 21.Be2 Nc3 22.Bxa6 Rb8
23.Bf1 Nd5 24.Bd2 Rfd8 25.c4 Nf6 26.Bc3 Ne4 27.Qe3 Nxc3 28.Rxc3 Qe7 29.b5 Bb7
30.a4 Rdc8 31.a5 bxa5 32.c5 Bd5 33.Rxa5 h6 34.c6 Qb4 35.Rca3 Kh7 36.Ra7 Kg8
37.R3a5 g6 38.h3 h5 39.Ra4 Qb1 40.Ra1 Qb2 41.Qc5 Rc7 42.Rxc7 Qxa1 43.Qa7  1-0

[Event "16th Monarch Assurance"]
[Site "Port Erin IOM"]
[Date "2007.09.24"]
[Round "3"]
[White "Mannion,S"]
[Black "Waters,M"]
[Result "1/2-1/2"]
[WhiteElo "2359"]
[BlackElo "2096"]

1.e4 c5 2.Nf3 e6 3.d4 cxd4 4.Nxd4 a6 5.Nc3 Qc7 6.Bd3 Nf6 7.O-O Nc6 8.Be3 d6
9.Kh1 Be7 10.f4 b5 11.Nxc6 Qxc6 12.a3 Bb7 13.Qf3 d5 14.exd5 exd5 15.Bd4 O-O
16.Rae1 Bc5 17.Be5 Rae8 18.Qh3 h6 19.Qg3 Qe6 20.h3 Qb6 21.Re2 Bd4 22.Rfe1 Bxe5
23.Rxe5 d4 24.Ne4 Bxe4 25.Bxe4 Rxe5 26.fxe5 Nxe4 27.Rxe4 Rd8 28.Rg4 g6 29.Qf2 Rd5
30.Re4 Qe6 31.Qe2 Kg7  1/2-1/2

[Event "16th Monarch Assurance"]
[Site "Port Erin IOM"]
[Date "2007.09.25"]
[Round "4"]
[White "Spraggett,K"]
[Black "Szieberth,A"]
[Result "1/2-1/2"]
[WhiteElo "2585"]
[BlackElo "2315"]

1.e4 c5 2.Nf3 e6 3.d4 cxd4 4.Nxd4 a6 5.Nc3 Qc7 6.Bd3 Bd6 7.Qe2 Nc6 8.Nxc6 dxc6
9.Qg4 g6 10.f4 Bd7 11.e5 Bb4 12.a3 Bxc3+ 13.bxc3 O-O-O 14.Rb1 c5 15.Qe2 Bc6
16.Be3 Ne7 17.Bxc5 Nd5 18.Bd6 Qa5 19.Qd2 Qxc3 20.Qxc3 Nxc3 21.Rb3 Nd5 22.O-O Ne3
23.Rfb1 Nf5 24.Bxf5 gxf5 25.c4 Rhg8 26.g3 h5 27.h4 Rg6 28.c5 Rdg8 29.Kf2 Bd5
30.Rc3 Kd7 31.a4 Rc8 32.a5 Rg4 33.Rb6 Rg6 34.Rd3 Be4 35.Rdb3 Rcg8 36.R6b4 Bd5
37.Rc3 Bc6 38.Rd4 Bd5 39.Rd2 Rg4 40.Rd1 Kc6 41.Be7 R4g6 42.Rb1 Kd7 43.Bg5 Re8
44.Rb6 Bc6 45.Rd3+ Kc7 46.Ke3 Rgg8 47.Rb2 Rg6 48.Rd6 Rg7 49.Kd4 Rgg8 50.Kc4 Rg7
51.Kb4 Rg6 52.Rbd2 Rgg8 53.R2d3 Bb5 54.Rd2 Bc6  1/2-1/2

[Event "George Trundle NZ IM"]
[Site "Auckland NZL"]
[Date "2007.09.26"]
[Round "5"]
[White "Solomon,SJ"]
[Black "Johansen,D"]
[Result "1/2-1/2"]
[WhiteElo "2467"]
[BlackElo "2446"]

1.e4 c5 2.Nf3 e6 3.d4 cxd4 4.Nxd4 a6 5.Nc3 b5 6.Bd3 Qb6 7.Nb3 Qc7 8.O-O Nf6
9.f4 Bb7 10.Qe2 b4 11.Nd1 Be7 12.c4 d6 13.Nf2 Nc6 14.Be3 Nd7 15.Rac1 O-O
16.c5 Nxc5 17.Nxc5 dxc5 18.e5 Qb6 19.Ne4 Nd4 20.Bxd4 cxd4 21.Nf6+ Bxf6 22.exf6 g6
23.Qe5 Rfc8 24.h4 Qd8 25.Kf2 h5 26.Rc4 Rxc4 27.Bxc4 d3 28.b3 Qb6+ 29.Qe3 Qd8
30.Qe5 Qb6+ 31.Qe3 Qd8 32.Qe5  1/2-1/2

[Event "Open"]
[Site "Miami USA"]
[Date "2007.09.26"]
[Round "1"]
[White "Davis,Lo"]
[Black "Zapata,Alo"]
[Result "1/2-1/2"]
[WhiteElo "2212"]
[BlackElo "2504"]

1.e4 c5 2.Nf3 e6 3.Nc3 a6 4.d4 cxd4 5.Nxd4 Qc7 6.Bd3 Nc6 7.Nxc6 dxc6 8.O-O e5
9.f4 Nf6 10.h3 Bd6 11.Qf3 b5 12.Kh1 Bb7 13.a4 O-O 14.Ne2 c5 15.c3 exf4 16.Bxf4 Rae8
17.axb5 axb5 18.Bxd6 Qxd6 19.Ng3 c4 20.Bc2 Qe5 21.Ra5 Bc6 22.Qf4 Qc5 23.Rd1 Re5
24.Rd4 Rfe8 25.Ra1 Bd7 26.Nf1 Qc8 27.Nd2 Bc6 28.Rf1 Qb7 29.Kg1 Nxe4 30.Nxe4 Rxe4
31.Bxe4 Bxe4 32.Qxe4 Qxe4 33.Rxe4 Rxe4 34.Rf5 Re2 35.Rxb5 g6 36.Kh2 h5 37.Kg3 Rd2
38.Rb4 Kg7 39.Rxc4 Rxb2  1/2-1/2

[Event "Highlands Open A"]
[Site "Zdar nad Sazavou CZE"]
[Date "2007.09.28"]
[Round "7"]
[White "Zvara,P"]
[Black "Zpevak,P"]
[Result "1/2-1/2"]
[WhiteElo "2440"]
[BlackElo "2423"]

1.e4 c5 2.Nf3 e6 3.d4 cxd4 4.Nxd4 a6 5.Nc3 Qc7 6.Be2 Nf6 7.O-O Nc6 8.Be3 Bb4
9.Na4 O-O 10.Nxc6 bxc6 11.Nb6 Rb8 12.Nxc8 Rfxc8 13.Bxa6 Rd8 14.Bd3 Bd6 15.Kh1 Be5
16.c3 Rxb2 17.Qc1 Ng4 18.f4 Nxe3 19.Qxb2 Bxf4 20.Qf2 Nxf1 21.Rxf1 e5 22.g3 Qd6
23.Be2 Bd2 24.Qxf7+ Kh8 25.Rd1 Qh6 26.Qe7 Qg5 27.Qxg5 Bxg5 28.Bc4 g6 29.Kg2 Be3
30.a4 Bb6 31.Be2 d5 32.c4 dxc4 33.Rxd8+ Bxd8 34.Bxc4 Kg7 35.Be6 h5 36.h4 g5
37.hxg5 Kg6 38.Bd7 Kxg5 39.Kf3 Ba5 40.Bxc6 Be1 41.Ke2 Ba5 42.Bd7 Bb4 43.Ke3 Be1
44.Bb5 Kg6 45.Be2 Bxg3 46.a5 Be1 47.a6 Ba5 48.Kd3 Bb6 49.Kc4 Kg5 50.Kd5 Bd4
51.Bf3 h4 52.a7  1/2-1/2

[Event "16th Monarch Assurance"]
[Site "Port Erin IOM"]
[Date "2007.09.29"]
[Round "8"]
[White "Adams,P"]
[Black "Waters,M"]
[Result "1-0"]
[WhiteElo "2144"]
[BlackElo "2096"]

1.e4 c5 2.Nc3 e6 3.Nge2 a6 4.d4 cxd4 5.Nxd4 Qc7 6.g3 b5 7.Bg2 Bb7 8.O-O Nf6
9.Re1 d6 10.a4 b4 11.Na2 d5 12.exd5 Bxd5 13.Bxd5 Nxd5 14.Nxe6 fxe6 15.Qxd5 Ra7
16.Rxe6+ Be7 17.Bg5 Qd8 18.Qxd8+ Kxd8 19.Rd1+ Ke8 20.Rde1  1-0

[Event "16th Monarch Assurance"]
[Site "Port Erin IOM"]
[Date "2007.09.29"]
[Round "8"]
[White "Abergel,T"]
[Black "Kobalia,M"]
[Result "0-1"]
[WhiteElo "2512"]
[BlackElo "2634"]

1.e4 c5 2.Nf3 e6 3.Nc3 a6 4.d4 cxd4 5.Nxd4 Nc6 6.Nxc6 bxc6 7.Bd3 d5 8.O-O Nf6
9.Re1 Be7 10.e5 Nd7 11.Qg4 g6 12.Na4 Rb8 13.b3 h5 14.Qe2 Nb6 15.Nxb6 Qxb6
16.c3 c5 17.Be3 Qc6 18.Qf3 Bb7 19.Rad1 Rc8 20.Bd2 Qc7 21.Qf4 Qb6 22.h4 Rg8
23.Qf3 Qd8 24.Bg5 Bxg5 25.hxg5 Rh8 26.Re3 d4 27.Ree1 h4 28.Qg4 Kf8 29.cxd4 Rh5
30.f4 Qxd4+ 31.Kh2 h3 32.Bxg6 fxg6 33.Rxd4 cxd4 34.gxh3 Rc2+ 35.Kg1 Ke7 36.Rd1 Rc3
37.f5 Rhxh3 38.f6+ Kf7 39.Rxd4 Rc1+ 40.Kf2 Rc2+ 41.Rd2 Rxd2+ 42.Ke1 Rhh2
43.Qb4 Rhe2+ 44.Kf1 Bg2+ 45.Kg1 Rd1+ 46.Kh2 Bd5+ 47.Kg3 Rg1+ 48.Kh3 Rh1+
49.Kg3 Rg2+  0-1

[Event "Open"]
[Site "Miami USA"]
[Date "2007.09.30"]
[Round "8"]
[White "Cardona,Y"]
[Black "Santa Torres,J"]
[Result "1/2-1/2"]
[WhiteElo "2284"]
[BlackElo "2225"]

1.e4 c5 2.Nf3 e6 3.d4 cxd4 4.Nxd4 a6 5.Nc3 Qc7 6.g3 Bb4 7.Ne2 Nf6 8.Bg2 O-O
9.O-O Nc6 10.a3 Be7 11.a4 Bc5 12.h3 Qd6  1/2-1/2

[Event "Highlands Open A"]
[Site "Zdar nad Sazavou CZE"]
[Date "2007.09.30"]
[Round "9"]
[White "Chytilek,R"]
[Black "Zpevak,P"]
[Result "1/2-1/2"]
[WhiteElo "2396"]
[BlackElo "2423"]

1.e4 c5 2.Nf3 e6 3.d4 cxd4 4.Nxd4 a6 5.Nc3 Qc7 6.Be2 Nc6 7.O-O Nf6 8.Be3 Bb4
9.Na4 O-O 10.c4 Bd6 11.g3 Be7 12.Rc1 Nxe4 13.c5 Nf6 14.Bf3 Re8 15.Re1 Bf8
16.Bg5 Rb8 17.Bxf6 gxf6 18.Be4 Bg7 19.Nxc6 dxc6 20.Qh5 h6 21.Rcd1 Bd7 22.Nb6 Red8
23.Nc4 Be8 24.Nd6 Qa5 25.g4 b6 26.Nxe8 Rxe8 27.cxb6 Qxh5 28.gxh5 Rxb6 29.b3 Reb8
30.Rd7 f5 31.Bd3 Bf6 32.Bc4 c5 33.a4 Rd8 34.Red1 Rxd7 35.Rxd7 a5 36.Kg2 Rb8
37.Kf3 Rd8 38.Rxd8+ Bxd8 39.Bb5 Bf6 40.Ke2 Bd4 41.Bc6 Kg7 42.f3 Bc3 43.Bd7 Be5
44.h3 Kf6 45.Be8 Bc3 46.Kf2 Ke7 47.Bb5 Bd4+ 48.Ke2 Kd6 49.Be8 f6 50.Bb5 Ke5
51.Bd7 Kd5 52.Bc8 f4 53.Bd7 Kd6 54.Bc8 Bc3 55.Kd3 Bb4 56.Ke4 Bd2 57.Kd3 Be3
58.Ke4 f5+ 59.Kd3 Ke5 60.Bd7 Kf6 61.Be8 e5 62.Bd7 Kg5 63.Bc8 Bd4 64.Bd7 Kf6
65.Bc8 Kg5 66.Bd7 Ba1 67.Bc8  1/2-1/2

[Event "Open"]
[Site "Corfu GRE"]
[Date "2007.10.01"]
[Round "1"]
[White "Makropoulou,M"]
[Black "Schleime,F"]
[Result "1-0"]
[WhiteElo "2243"]
[BlackElo "1972"]

1.e4 c5 2.Nf3 e6 3.d4 cxd4 4.Nxd4 a6 5.Nc3 Qc7 6.Bd3 Nf6 7.Qe2 d6 8.O-O Be7
9.Kh1 Nbd7 10.f4 b6 11.Bd2 Bb7 12.Rae1 O-O 13.Rf3 Rfe8 14.Rh3 Nc5 15.e5 Nxd3
16.Qxd3 dxe5 17.fxe5 g6 18.exf6 Bxf6 19.Nf3 Rad8 20.Qe2 Bg7 21.Bg5 f6 22.Be3 e5
23.Qf2 Qc6 24.Bxb6 Rd6 25.Bc5 Rd7 26.b4 Red8 27.Qh4 h6 28.Rg3 g5 29.Qc4+ Kh8
30.h4 Qc7 31.Qg4 f5 32.Qxf5 Rf7 33.Qg6 Rf6 34.Qh5 Rf4 35.hxg5 Bxf3 36.Rxf3 Rxf3
37.Qxf3 hxg5 38.Ne4 Qc6 39.Nxg5 Qh6+ 40.Qh3 Kg8 41.Qxh6 Bxh6 42.Nf3 Bf4 43.Bf2  1-0

[Event "Open"]
[Site "Nelson NZL"]
[Date "2007.10.04"]
[Round "4"]
[White "Solomon,SJ"]
[Black "Johansen,D"]
[Result "0-1"]
[WhiteElo "2465"]
[BlackElo "2446"]

1.e4 c5 2.Nf3 e6 3.d4 cxd4 4.Nxd4 a6 5.Nc3 b5 6.Bd3 Qb6 7.Nb3 Qc7 8.O-O Bb7
9.Qe2 Nf6 10.f4 b4 11.Nd1 a5 12.Nf2 Nc6 13.Be3 a4 14.Nd2 Be7 15.Nc4 d5 16.Nb6 Ra5
17.e5 d4 18.exf6 dxe3 19.fxe7 Qxb6 20.Ng4 Nxe7 21.Qxe3 Qc6 22.Rf2 O-O 23.Ne5 Qc7
24.a3 Nd5 25.Qe4 f5 26.Qd4 bxa3 27.Rxa3 Nxf4 28.Qxf4 Rxe5 29.Rxa4 Re1+ 30.Bf1 Qxf4
31.Rfxf4 Be4 32.Rc4 g5 33.Rf2 Rd8 34.b4 Rdd1 35.b5 Rb1 36.Rc7 Rec1 37.Rc5 Bd3
38.cxd3 Rxc5 39.b6 Rxb6 40.Ra2 Rc7 41.Kf2 Kg7 42.Be2 Kf6 43.h3 Rcb7 44.Ke3 Rb2
45.Ra6 f4+ 46.Kf3 h5 47.Ra4 R7b5 48.h4 Re5 49.hxg5+ Kxg5 50.Re4 Rxe4 51.dxe4 Rb3+
52.Kf2 Re3 53.Bf3 h4 54.Kg1 h3 55.Kh2 Kh4  0-1

[Event "WJun Girls"]
[Site "Yerevan ARM"]
[Date "2007.10.05"]
[Round "3"]
[White "Kalashyan,V"]
[Black "Pertlova,S"]
[Result "0-1"]
[WhiteElo "2059"]
[BlackElo "2169"]

1.e4 c5 2.Nf3 e6 3.Nc3 a6 4.d4 cxd4 5.Nxd4 Nc6 6.Be2 d6 7.O-O Nf6 8.Be3 Bd7
9.a4 Be7 10.f4 O-O 11.Kh1 Qc7 12.a5 Nxa5 13.e5 dxe5 14.fxe5 Qxe5 15.Bf4 Qc5
16.Nf3 Rfd8 17.Qe1 Nc4 18.Bxc4 Qxc4 19.Ne5 Qb4 20.Nd3 Qb6 21.Bg5 Bb5 22.Nxb5 Qxb5
23.Ra5 Qc4 24.Bxf6 Bxf6 25.Rc5 Qd4 26.Qg3 Rac8 27.c3 Qh4 28.Qf3 b6 29.g3 Qa4
30.Rxc8 Rxc8 31.Ne5 Qe8 32.Ng4 Be7 33.Ne5 f6 34.Nd3 Qc6 35.Kg2 Qxf3+ 36.Kxf3 Rc4
37.Nf4 Kf7 38.Re1 Rc6 39.g4 b5 40.Re4 Rd6 41.Ke2 g5 42.Nd3 f5 43.Re3 Bf6
44.h3 Bd8 45.c4 bxc4 46.Ne5+ Kf6 47.gxf5 exf5 48.Nxc4 Re6 49.Rxe6+ Kxe6 50.Kf3 Be7
51.Ne3 Bc5 52.Nc2 a5 53.b3 h5 54.Ne1 g4+ 55.hxg4 hxg4+ 56.Kg3 Bd6+ 57.Kh4 Kd5
58.Kg5 Ke4  0-1

[Event "Open"]
[Site "Corfu GRE"]
[Date "2007.10.06"]
[Round "6"]
[White "Dorfanis,I"]
[Black "Ragsch,K"]
[Result "1-0"]
[WhiteElo "2209"]
[BlackElo "2004"]

1.e4 c5 2.Nf3 e6 3.Nc3 a6 4.d4 cxd4 5.Nxd4 Qc7 6.g3 Nc6 7.Bg2 Nf6 8.O-O Be7
9.Kh1 d6 10.Nb3 O-O 11.f4 Bd7 12.g4 Rac8 13.g5 Ne8 14.f5 Ne5 15.Nd4 b5 16.Qh5 Qc4
17.Nce2 exf5 18.exf5 Bc6 19.Nxc6 Nxc6 20.f6 Bd8 21.Rf4 Qe6 22.Bd2 Nxf6 23.gxf6 Bxf6
24.Bh3 Qe5 25.Qxe5 dxe5 26.Rxf6 gxf6 27.Rg1+ Kh8 28.Bh6 Rfe8 29.Bg7+ Kg8
30.Bh6+ Kh8 31.Bg7+ Kg8 32.Bxf6+ Kf8 33.Bxc8 Rxc8 34.c3 Na5 35.Rd1 Nc4 36.b3 Ne3
37.Rd6 Ng4 38.Rxa6 Nxf6 39.Rxf6 Ke7 40.Rb6  1-0